Culture Générale - Série 588 - Statistiques

Statistiques générales
  • Ce quiz a été pris 289 fois
  • Le résultat moyen est 6 sur 10
Statistiques - réponses
Question Réponse % Correct
De quel groupe rock Freddie Mercury était-il le chanteur à partir des années 70 ? Queen
88%
Comment se prénommait Pascal, savant et philosophe français du 17e siècle ? Blaise
81%
Selon l'expression familière, agir en douceur, c'est "mettre la pédale... douce
77%
En raison de sa forme, le fruit de la badiane est appelé anis... étoilé
73%
Le sigle U.L.M signifie "Ultra-Léger... Motorisé
70%
Quelle était la nationalité du compositeur Felix Mendelssohn ? Allemande
55%
En quelle matière est faite la mèche de l'archet d'un violon ? crin
51%
Sous quel autre nom rimant avec "externe" connaît-on l'oiseau appelé "hirondelle de mer" ? sterne
49%
Comment s'appelle la place centrale de Moscou, qui s'étend sur près de 8 hectares ? La Place Rouge
39%
De quel groupe, baptisé "L'Ombre jaune" dans un premier temps, Muriel Moreno était-elle la chanteuse ? Niagara
33%
Aucun quiz correspondant
Distribution des résultats
% des personnes avec chaque résultat
Percentile par nombre de réponses
Votre historique - résultats
Vous n’avez pas pris ce quiz